<?xml version="1.0" encoding="UTF-8"?>
<collection xmlns="http://www.loc.gov/MARC21/slim">
 <record>
  <leader>     na                 </leader>
  <controlfield tag="001">INLIS000000001344132</controlfield>
  <controlfield tag="005">20240701115201</controlfield>
  <datafield tag="035" ind1=" " ind2=" ">
   <subfield code="a">0010-0724000001</subfield>
  </datafield>
  <controlfield tag="007">ta</controlfield>
  <controlfield tag="008">240701                |          | |  </controlfield>
  <datafield tag="082" ind1=" " ind2=" ">
   <subfield code="a">L.310-23063</subfield>
  </datafield>
  <datafield tag="084" ind1=" " ind2=" ">
   <subfield code="a">RES L.310-23063 UCC f</subfield>
  </datafield>
  <datafield tag="100" ind1="0" ind2=" ">
   <subfield code="a">Ucca Anantariya</subfield>
   <subfield code="e">Pengarang</subfield>
  </datafield>
  <datafield tag="245" ind1="1" ind2=" ">
   <subfield code="a">Faktor-faktor yang berpengaruh terhadap motivasi petani dalam pembuatan pupuk organik cair dari limbah tempe di desa Beji kecamatan Junrejo kota Batu /</subfield>
   <subfield code="c">Polbangtan Malang</subfield>
  </datafield>
  <datafield tag="300" ind1=" " ind2=" ">
   <subfield code="a">188 hlm</subfield>
  </datafield>
  <datafield tag="650" ind1=" " ind2="4">
   <subfield code="a">PPB,  Motivasi, Limbah Tempe, Pupuk Organik Cair</subfield>
  </datafield>
  <datafield tag="520" ind1=" " ind2=" ">
   <subfield code="a">Ucca Anantariya, NIRM. 04.01.19.318. Faktor-Faktor Yng Berpengaruh Terhadap&#13;
Motivasi Petani Dalam Pembuatan Pupuk Organik Cair Dari Limbah Tempe Di&#13;
Desa Beji Kecamatan Junrejo Kota Batu Jawa Timur. Komisi Pembimbing : Dr. Ir.&#13;
Ugik Romadi, SST, M.Si, IPM dan Dr. Ir. Harwanto, M.Si. Desa Beji merupakan&#13;
salah satu Desa di Kecamatan Junrejo Kota Batu yang penduduknya aktif dalam&#13;
kegiatan pertanian sehingga pupuk sangat dibutuhkan. Selain itu, Desa Beji juga&#13;
memiliki julukan “Kampoeng Tempe” karena memiliki jumlah pengusaha tempe&#13;
sebanyak 131 orang yang tentunya menghasilkan limbah yang dapat mencemari&#13;
lingkungan. Hingga saat ini pengelolaan limbah cair tempe masih belum ditangani&#13;
dengan optimal hal ini diduga karena rendahnya kesadara petani serta kurangnya&#13;
motivasi petani. Penanganan limbah cair tempe secara optimal tentunya perlu ada&#13;
dorongan motivasi dari masyarakat tentang manfaat penanganan limbah sehingga&#13;
permasalahan mengenai limbah cair tempe bisa teratasi. Motivasi memiliki peran&#13;
yang sangat penting karena dengan adanya motivasi dapat mendorong para&#13;
petani agar mau dan mampu bekerjasama dengan semangat untuk mencapai&#13;
tujuan yang diinginkan. Untuk itu dilakukan kajian mengenai faktor-faktor yang&#13;
berpengaruh terhadap motivasi petani dalam pembuatan pupuk organik cair dari&#13;
limbah tempe. Kajian ini bertujuan untuk : 1) Meganalisis faktor-faktor yang&#13;
berpengaruh terhadap motivasi petani dalam pembuatan pupuk organik cair dari&#13;
limbah tempe; 2) Menyusun rancangan penyuluhan dalam meningkatkan motivasi&#13;
petani dalam pembuatan pupuk organik cair dari limbah cair tempe; 3) Mengetahui&#13;
tingkat pengetahuan, keterampilan dan sikap petani terhadap pembuatan pupuk&#13;
organik cair dari limbah cair tempe. Metode analisis data yang digunakan dalam&#13;
kajian ini adalah deskriptif kuantitatif dan analisis regresi linier berganda. Metode&#13;
analisis data yang digunakan dalam evaluasi penyuluhan yaitu analisis deskriptif&#13;
kuantitatif. Evaluasi akan didasarkan pada tingkat pengetahuan, sikap dan&#13;
keterampilan petani dalam pembuatan pupuk organik cair dari limbah tempe. Hasil&#13;
kajian menunjukan bahwa faktor-faktor yang berpengaruh terhadap motivasi&#13;
petani dalam pembuatan pupuk organik cair dari limbah tempe yaitu umur,lama&#13;
berusahatani, pendidikan, keuntungan dan kerumitan. Penyuluhan dilakukan&#13;
sebanyak tiga kali. Rancangan penyuluhan disusun berdasarkan tujuan, sasaran,&#13;
media, metode, materi dan evaluasi penyuluhan. Hasil evaluasi penyuluhan tingkat&#13;
pengetahuan sebesar 89% yang masuk dalam kategori sangat tinggi, tingkat sikap&#13;
sebesar 66% yang masuk pada kategori tinggi dan tingkat keterampilan sebesar&#13;
60% masuk pada kategori tinggi.</subfield>
  </datafield>
  <datafield tag="336" ind1=" " ind2=" ">
   <subfield code="2">rdacontent</subfield>
   <subfield code="a">Text</subfield>
  </datafield>
  <datafield tag="337" ind1=" " ind2=" ">
   <subfield code="2">rdamedia</subfield>
   <subfield code="a">Buku Tercetak</subfield>
  </datafield>
  <datafield tag="338" ind1=" " ind2=" ">
   <subfield code="2">rdacarrier</subfield>
   <subfield code="a">Hardcopy</subfield>
  </datafield>
  <datafield tag="264" ind1=" " ind2=" ">
   <subfield code="a">Malang :</subfield>
   <subfield code="b">Polbangtan Malang,</subfield>
   <subfield code="c">2023</subfield>
  </datafield>
  <datafield tag="990" ind1=" " ind2=" ">
   <subfield code="a">L.310-23063</subfield>
  </datafield>
 </record>
</collection>
